1374 1656 1314 1265 1087 1523 1633 1399 1741 1135 1846 1583 1511 1824 1009 1682 1705 1845 1584 1452 1830 1192 1342 1408 1105 1188 1616 1173 1178 1832 1284 1572 1851 1007 1528 1104 1435 1820 1889 1860 1773 1945 1819 1516 1114 1185 1861 1387 1175 1145 1855 1060 1546 1066 1108 1428 1974 1269 1490 1791 1133 1003 1734 1705 1786 1613 1099 1931 1554 1080 1924 1544 1881 1690 1598 1975 1457 1725 1369 1100 1280 1796 1387 1026 1723 1603 1615 1544 1960 1867 1715 1289 1820 1363 1445 1343 1177 1105 1865 BCNSPRNW ULIB Ver.6.0+V

เปลี่ยนเป็นภาษาไทย

Change to English
 แสดงรายละเอียดบรรณานุกรม
  กลับหน้าหลัก

Brief Record : Get Marc (ISO 2709) : E-mail record : QR code < ปิดหน้าต่าง
LEADER : 00000nam 2200000uu 4500
001    13399126606
003     ULIB
008    190122s2559||||th 000 0 tha d
020    ^a9786162712814^c520
060  4 ^aWE 141^bว895
245 00 ^aเวชปฏิบัติออร์โธปิดิกส์ผู้ป่วยนอก =^bApproach to common orthopaedic problems /^cบรรณาธิการ, ธีรวิทย์ หงส์นภารักษ์, ปรเมศวร์ สุวรรณโณ
246 31 ^aApproach to common orthopaedic problems
250    ^aพิมพ์ครั้งที่ 2
260    ^aสงขลา :^bภาควิชาศัลยศาสตร์ออร์โธปิดิกส์และกายภาพบำบัด คณะแพทยศาสตร์ มหาวิทยาลัยสงขลานครินทร์,^c2559
300    ^363 หน้า :^bภาพประกอบ
650  2 ^aOrthopedics
650  2 ^aOrthopedic surgery
650  4 ^aออร์โทพีดิกส์
650  4 ^aศัลยกรรมออร์โทพีดิกส์
650  4 ^aกระดูก^xศัลยกรรม
700 0  ^aธีรวิทย์ หงส์นภารักษ์,^eบรรณาธิการ
700 0  ^aปรเมศวร์ สุวรรณโณ,^eบรรณาธิการ
710 2  ^aมหาวิทยาลัยสงขลานครินทร์.^bคณะแพทยศาสตร์.^bภาควิชาศัลยศาสตร์ออร์โธปิดิกส์และกายภาพบำบัด
945    ^p520^l0^i004816
945    ^p520^l0^i004815
999    ^aประนอม เกษจรัล
รายการนี้ยังไม่มีแท็ก
คุณยังไม่ได้ล็อกอิน คุณสามารถมีกิจกรรมร่วมกับเว็บไซต์ได้ แต่ต้องล็อกอินก่อน ::
  ล็อกอิน

รายการสื่อสารสนเทศ

ลำดับที่ ประเภท เลขเรียก/บาร์โค้ด สถานที่ สถานะ
1. วิทยาศาสตร์การแพทย์ และสุขภาพ
วิทยาศาสตร์การแพทย์ และสุขภาพ
สถานะ=หนังสือเก่า
WE 141 ว895 ฉ.1 
  Barcode: 004815
ห้องสมุดวิทยาเขตสวรรค์ประชารักษ์
►ส่วนจัดเก็บหนังสือเก่า สปร
บนชั้น
  ขอยืม
2. วิทยาศาสตร์การแพทย์ และสุขภาพ
วิทยาศาสตร์การแพทย์ และสุขภาพ
สถานะ=หนังสือเก่า
WE 141 ว895 ฉ.2 
  Barcode: 004816
ห้องสมุดวิทยาเขตสวรรค์ประชารักษ์
►ส่วนจัดเก็บหนังสือเก่า สปร
บนชั้น
  ขอยืม

รายการใกล้เคียง
    หัวเรื่อง [Orthopedics]
    หัวเรื่อง [ออร์โทพีดิกส์]
    หัวเรื่อง [ศัลยกรรมออร์โทพีดิกส์]

BibComment


ยังไม่เคยถูกคอมเมนท์

คอมเมนท์ทรัพยากรรายการนี้
  คอมเมนท์: เวชปฏิบัติออร์โธ..


 Copyright 2026. Bcnsprnw @Library